000 00703nam a2200289Ia 4500
005 20260324123549.0
008 008 260324s9999 xx 000 0 eng d
020 _a9780203806647
037 _aEBOOK
040 _aCRL
040 _beng
040 _cCRL
041 _2eng
041 _aeng
084 _qCRL
100 _aUna McGahern
_91170791
245 0 _aPalestinian Christians in Israel
245 0 _bState Attitudes towards Non-Muslims in a Jewish State
260 _bTaylor and Francis
260 _c2011
365 _a
365 _b280
856 _uhttp://www.taylorfrancis.com/books/9780203806647
942 _cEBOOK
999 _c1764427
_d1764427